Sports Quiz

Random Sports or College Quiz
Score 0/20 Timer 07:00
1 Play Today
Hint Answer % Correct
Nickname (Official)Bulldogs
90.5%
Team ColorWhite
75.6%
CitySpokane
74%
ConferenceWCC
72.1%
Famous Alum: PG _____ StocktonJohn
71.9%
Team ColorNavy Blue
66.8%
Famous Alum: SF/PF Adam _____Morrison
53.2%
Primary RivalSaint Mary's College
48.2%
MascotSpike the Bulldog
38.4%
Fight SongGo, Gonzaga!
36%
Hint Answer % Correct
No. of Women's Varsity Sports8
34.9%
No. of Men's Varsity Sports8
33.3%
Primary RivalWashington
33.2%
Basketball ArenaMcCarthey Athletic Center
33%
Nickname (Unofficial)Zags
29.7%
Team ColorRed
27.3%
StateWashington
23.9%
Religous OrderJesuit
22.5%
Baseball StadiumWashington Trust Field/Patterson Baseball Complex
18.4%
Athletic DirectorMike Roth
14.7%
Remove Ads.
Support Sporcle.
Get the best of Sporcle when you Go Orange. This ad-free experience offers more features, more stats, and more fun while also helping to support Sporcle. Thank you for becoming a member.

You're not logged in!

Compare scores with friends on all Sporcle quizzes.
OR
Log In

Show Comments

Extras

Top Quizzes Today


Score Distribution

Your Account Isn't Verified!

In order to create a playlist on Sporcle, you need to verify the email address you used during registration. Go to your Sporcle Settings to finish the process.

Report this User

Report this user for behavior that violates our Community Guidelines.

Details: